Manual de direito processual civil / (Record no. 410)

MARC details
000 -LÍDER
Campo Fixo de Controle 00772nam a2200253 a 4500
001 - NÚMERO DE CONTROLE
Campo de Controle 410
003 - IDENTIFICAÇÃO DO NÚMERO DE CONTROLE
Campo de Controle BR-CuiBMT
005 - DATA E HORA DA ÚLTIMA ATUALIZAÇÃO
Campo de Controle 20231106192255.0
008 - DADOS FIXOS
Dados Fixos 231106s2018 bab 000 0 eng d
020 ## - INTERNATIONAL STANDARD BOOK NUMBER
Nº do ISBN 9788544219447
040 ## - AGÊNCIA CATALOGADORA
Código da Agência Catalogadora BR-CuiBMT
Agência que transcreveu o registro BR-CuiBMT
080 ## - Nº DA CLASSIFICAÇÃO DECIMAL UNIVERSAL
Nº edição CDU 2007
Nº Class. CDU 347.9
Subd. Auxiliar Comum (094.4)
090 ## - NÚMERO DE CHAMADA
Nº classificação 347.9(094.4)
Cutter N518m
Ano/Edição 10. ed.
100 1# - ENTRADA PRINCIPAL -- AUTOR PESSOAL
Nome pessoal Neves, Daniel Amorim Assumpção
245 10 - TÍTULO PRINCIPAL
Título principal Manual de direito processual civil /
Indicação de responsabilidade Daniel Amorim Assumpção Neves.
250 ## - EDIÇÃO
Edição 10. ed., rev., ampl. e atual.
260 ## - PUBLICAÇÃO, DISTRIBUIÇÃO, ETC.
Local de publicação Salvador :
Editora JusPodivm,
Data 2018.
300 ## - DESCRIÇÃO FÍSICA
N. páginas ou volumes 1807 p. ;
Dimensões 24 cm
500 ## - NOTAS GERAIS
Notas gerais "Volume único."
504 ## - NOTA DE BIBLIOGRAFIA, ETC.
Nota de bibliografia Inclui bibliografia.
650 ## - ASSUNTO TÓPICO
Cabeçalho tópico ou nome geográfico Direito processual civil
Subdivisão de forma Manual
Subdivisão geográfica Brasil
650 ## - ASSUNTO TÓPICO
Cabeçalho tópico ou nome geográfico Processo civil
Subdivisão geográfica Brasil
942 ## - ELEMENTOS DE ENTRADA ADICIONAIS (KOHA)
Fonte de classificação ou esquema de arquivamento Classificação Decimal Universal
Tipo de item do Koha Livros
Holdings
Estado: removido Estado: perdido Fonte de classificação ou esquema de arquivamento Estado: danificado Indisponível para empréstimo Localização permanente Localização atual Data de aquisição Total Checkouts Número de Chamada completo Código de barras Date last seen Número do exemplar Preço efetivo a partir de Tipo de item (Koha)
    Classificação Decimal Universal     Biblioteca da Escola Superior de Contas do TCE/MT Biblioteca da Escola Superior de Contas do TCE/MT 06/11/2023   347.9(094.4) N518m 10. ed. BIBTCEMT23110131 06/11/2023 Ex. 1 06/11/2023 Livros

Powered by Koha